Tabela wszechczasów krajów z największą ilością medali olimpijskich - Statystyki

Ogólne statystyki
  • Ten quiz został rozwiązany 185 razy
  • Średni wynik to 25 z 30
Statystyki odpowiedzi
# Kraj złote srebrne brązowe Razem medali % Poprawnych
19 Polska 79 96 114 320
99%
3 Niemcy 293 293 306 892
98%
10 Rosja 196 164 187 547
98%
4 Francja 258 289 327 874
97%
1 Stany Zjednoczone 1180 959 841 2980
97%
6 Chiny 275 227 194 696
96%
9 Japonia 183 172 200 555
95%
12 Kanada 144 172 209 525
94%
5 Włochy 257 224 261 742
94%
26 Brazylia 37 42 71 150
92%
7 Szwecja 205 222 234 661
92%
2 Wielka Brytania 296 320 332 948
92%
24 Hiszpania 49 72 50 171
89%
8 Australia 169 178 215 562
88%
11 Norwegia 192 176 160 528
88%
15 Holandia 140 148 163 451
87%
25 Belgia 44 56 61 161
85%
17 Korea Południowa 127 116 114 357
84%
14 Finlandia 144 148 180 472
83%
27 Ukraina 38 37 73 147
81%
18 Austria 83 115 128 326
79%
23 Dania 48 79 79 206
78%
29 Grecja 35 45 41 121
76%
16 Szwajcaria 109 124 125 358
76%
13 Węgry 182 156 180 518
75%
20 Rumunia 90 97 122 309
69%
30 Kenia 35 42 36 113
65%
28 Nowa Zelandia 53 34 53 140
65%
22 Bułgaria 55 90 85 230
63%
21 Kuba 85 71 85 241
44%
Nie znaleziono quizów pasujących do podanych kryteriów
Rozkład punktacji
Procent ludzi z każdym wynikiem
Percentyl według liczby udzielonych odpowiedzi
Twoja historia wyników
Nie rozwiązałeś tego quizu